[Event "Teteven op 23rd"]
[Site "Teteven"]
[Date "2008.08.22"]
[Round "9"]
[White "Dichev, Nedelcho"]
[Black "Bonev, Todor"]
[Result "1-0"]
[WhiteElo "2158"]
[BlackElo "2272"]
[PlyCount "75"]
[EventDate "2008.08.16"]
[EventType "swiss"]
[EventRounds "9"]
[EventCountry "BUL"]
[SourceTitle "CBM 126 Extra"]
[Source "ChessBase"]
[SourceDate "2008.11.05"]
[SourceVersion "1"]
[SourceVersionDate "2008.11.05"]
[SourceQuality "1"]

1. Nf3 Nf6 2. g3 g6 3. Bg2 Bg7 4. 0-0 0-0 5. c4 d6 6. d4 Nbd7 7. Nc3 e5 8. e4 c6 9. h3 Qb6 10. c5 dxc5 11. dxe5 Ne8 12. e6 fxe6 13. Ng5 Ne5 14. f4 c4+ 15. Kh2 Nd3 16. e5 Qc7 17. Be3 b6 18. b3 h6 19. Nf3 Ba6 20. Nd4 Qf7 21. Bxc6 Rd8 22. Qg4 Nc7 23. Be4 cxb3 24. Bxg6 Qd7 25. Bxd3 Bxd3 26. Rf2 Bf5 27. Qe2 bxa2 28. Rxa2 Ra8 29. Nxf5 Rxf5 30. Rd2 Qc6 31. Qd3 Rff8 32. Ne4 Nd5 33. Nd6 a5 34. Bd4 Ne7 35. Qb3 Nd5 36. f5 a4 37. Qa2 Ra5 38. Ba1 1-0

[Event "Teteven op 23rd"]
[Site "Teteven"]
[Date "2008.08.21"]
[Round "8"]
[White "Galunova, Tsveta"]
[Black "Dichev, Nedelcho"]
[Result "0-1"]
[WhiteElo "1839"]
[BlackElo "2158"]
[PlyCount "92"]
[EventDate "2008.08.16"]
[EventType "swiss"]
[EventRounds "9"]
[EventCountry "BUL"]
[SourceTitle "CBM 126 Extra"]
[Source "ChessBase"]
[SourceDate "2008.11.05"]
[SourceVersion "1"]
[SourceVersionDate "2008.11.05"]
[SourceQuality "1"]

1. e4 c6 2. d4 d5 3. Nd2 dxe4 4. Nxe4 Nf6 5. Ng3 h5 6. Bc4 h4 7. N3e2 h3 8. Nxh3 Bxh3 9. gxh3 Rxh3 10. Bf4 e6 11. Ng3 Bd6 12. Qf3 Rh4 13. Bxd6 Qxd6 14. 0-0-0 Qf4+ 15. Qxf4 Rxf4 16. Rd2 Nbd7 17. Rg1 g6 18. c3 0-0-0 19. b4 Rh8 20. Rg2 Nb6 21. Bd3 Nbd5 22. Kb2 Rf3 23. Ne4 Rxd3 24. Rxd3 Nxe4 25. Rf3 Nd6 26. Kb3 b5 27. a4 a6 28. h3 Rh4 29. Rg4 Rh5 30. Rg1 Kb7 31. Rg4 g5 32. Rfg3 Nf5 33. Rf3 Nf4 34. Rg1 Nxh3 35. Rh1 g4 36. Rd3 Nh4 37. Rd2 Rf5 38. axb5 axb5 39. Ra2 Kc7 40. Ra7+ Kd6 41. Ra2 Rf3 42. Re2 Nf5 43. Kb2 Nxf2 44. Rg1 g3 45. Kc2 Nh3 46. Rh1 g2 0-1

[Event "Teteven op 23rd"]
[Site "Teteven"]
[Date "2008.08.18"]
[Round "3"]
[White "Dichev, Nedelcho"]
[Black "Badev, Kiril"]
[Result "1/2-1/2"]
[WhiteElo "2158"]
[BlackElo "2337"]
[PlyCount "78"]
[EventDate "2008.08.16"]
[EventType "swiss"]
[EventRounds "9"]
[EventCountry "BUL"]
[SourceTitle "CBM 126 Extra"]
[Source "ChessBase"]
[SourceDate "2008.11.05"]
[SourceVersion "1"]
[SourceVersionDate "2008.11.05"]
[SourceQuality "1"]

1. Nf3 Nf6 2. g3 b5 3. Bg2 Bb7 4. d4 e6 5. c3 c5 6. 0-0 Qb6 7. a4 bxa4 8. Rxa4 Bc6 9. Ra1 cxd4 10. Nxd4 Bxg2 11. Kxg2 Bc5 12. e3 0-0 13. Nd2 d5 14. b4 Be7 15. Qa4 Rc8 16. Bb2 Nbd7 17. Qa6 Bd8 18. Ra2 e5 19. Nb5 Rcb8 20. Qxb6 Bxb6 21. c4 dxc4 22. Nxc4 Bd8 23. Rxa7 Rxa7 24. Nxa7 Rxb4 25. Rc1 Bc7 26. Nxe5 Rb7 27. Nxd7 Nxd7 28. Bd4 f6 29. Nc6 Kf7 30. Rc2 Nf8 31. Rb2 Rxb2 32. Bxb2 Ne6 33. Kf3 Nc5 34. Bd4 Ne6 35. h4 Nd8 36. Nxd8+ Bxd8 37. h5 Be7 38. g4 g6 39. hxg6+ hxg6 1/2-1/2

[Event "Kesarovski Georgiev Memorial 6th"]
[Site "Sunny Beach"]
[Date "2007.09.17"]
[Round "8"]
[White "Velcheva, Maria"]
[Black "Dichev, Nedelcho"]
[Result "1-0"]
[WhiteElo "2294"]
[BlackElo "2172"]
[PlyCount "53"]
[EventDate "2007.09.10"]
[EventType "swiss"]
[EventRounds "9"]
[EventCountry "BUL"]
[SourceTitle "CBM 120 Extra"]
[Source "ChessBase"]
[SourceDate "2007.11.01"]
[SourceVersion "1"]
[SourceVersionDate "2007.11.01"]
[SourceQuality "1"]

1. e4 c5 2. Nf3 Nc6 3. d4 cxd4 4. Nxd4 e5 5. Nb5 a6 6. Nd6+ Bxd6 7. Qxd6 Qf6 8. Qd2 Nge7 9. c4 d6 10. Bd3 h6 11. Nc3 Be6 12. b3 0-0 13. 0-0 Ng6 14. Nd5 Bxd5 15. cxd5 Nd4 16. f3 Nf4 17. Bb2 Rac8 18. Bxd4 exd4 19. Rad1 Rc3 20. Bb1 Re3 21. Rf2 Rc8 22. Kh1 Rec3 23. Rff1 d3 24. g3 Rc2 25. Qxf4 Qb2 26. Bxc2 Rxc2 27. g4 1-0

[Event "Kesarovski Georgiev Memorial 6th"]
[Site "Sunny Beach"]
[Date "2007.09.16"]
[Round "7"]
[White "Dichev, Nedelcho"]
[Black "Dinev, Dejan"]
[Result "0-1"]
[WhiteElo "2172"]
[BlackElo "2298"]
[PlyCount "61"]
[EventDate "2007.09.10"]
[EventType "swiss"]
[EventRounds "9"]
[EventCountry "BUL"]
[SourceTitle "CBM 120 Extra"]
[Source "ChessBase"]
[SourceDate "2007.11.01"]
[SourceVersion "1"]
[SourceVersionDate "2007.11.01"]
[SourceQuality "1"]

1. e4 c5 2. Nf3 g6 3. c3 Bg7 4. d4 cxd4 5. cxd4 d5 6. exd5 Nf6 7. Nc3 Nxd5 8. Bb5+ Bd7 9. Qb3 Nxc3 10. bxc3 0-0 11. Bxd7 Qxd7 12. 0-0 Nc6 13. Re1 Qc7 14. Rb1 b6 15. Re4 Na5 16. Qb4 e6 17. Bf4 Qc6 18. Rbe1 Rac8 19. Qe7 Qb7 20. Qh4 Rxc3 21. Bh6 Re8 22. Bxg7 Kxg7 23. Ne5 Qe7 24. Qf4 Nc4 25. h4 Nd6 26. R4e2 Nf5 27. g3 Rd8 28. Rd2 Qb4 29. Red1 f6 30. Ng4 Qd6 31. Qe4 0-1

[Event "BUL-chT"]
[Site "Borovetz"]
[Date "2002.09.21"]
[Round "3"]
[White "Todorov, Ognjan"]
[Black "Dichev, Nedelcho"]
[Result "1-0"]
[WhiteElo "2376"]
[BlackElo "2186"]
[PlyCount "78"]
[EventDate "2002.09.19"]
[EventType "team-tourn"]
[EventRounds "7"]
[EventCountry "BUL"]
[SourceTitle "EXT 2006"]
[Source "ChessBase"]
[SourceDate "2005.11.24"]
[SourceVersion "1"]
[SourceVersionDate "2005.11.24"]
[SourceQuality "1"]

1. d4 Nf6 2. Nf3 g6 3. c4 Bg7 4. g3 0-0 5. Bg2 d6 6. 0-0 Nc6 7. Nc3 e5 8. d5 Na5 9. b3 c5 10. e4 a6 11. Nd2 Rb8 12. Rb1 Bd7 13. Qe2 Qc7 14. Bb2 b5 15. Nd1 bxc4 16. bxc4 Rb4 17. Ne3 Rfb8 18. Bc3 Rxb1 19. Nxb1 Bh6 20. Qe1 Nb7 21. Nd2 Nh5 22. Qe2 Nd8 23. Nb3 f6 24. Nf5 Bf8 25. f4 Nf7 26. fxe5 Nxe5 27. Bf3 Bxf5 28. exf5 Ng7 29. Be4 g5 30. h4 h6 31. hxg5 hxg5 32. Kg2 Ne8 33. Na5 Bg7 34. Nc6 Nxc6 35. dxc6 Qe7 36. Bd5+ Kf8 37. Qh5 Nc7 38. Re1 Nxd5 39. Rxe7 Nxe7 1-0

[Event "Cannes op"]
[Site "Cannes"]
[Date "2000.02.21"]
[Round "2"]
[White "Loeffler, Markus"]
[Black "Dichev, Nedelcho"]
[Result "1-0"]
[WhiteElo "2411"]
[BlackElo "2203"]
[PlyCount "111"]
[EventDate "2000.02.20"]
[EventType "swiss"]
[EventRounds "9"]
[EventCountry "FRA"]
[SourceTitle "EXT 2001"]
[Source "ChessBase"]
[SourceDate "2000.11.22"]
[SourceVersion "1"]
[SourceVersionDate "2000.11.22"]
[SourceQuality "1"]

1. e4 c6 2. d4 d5 3. Nc3 dxe4 4. Nxe4 Nf6 5. Nxf6+ exf6 6. c3 Bd6 7. Bd3 0-0 8. Ne2 Re8 9. 0-0 Qc7 10. Ng3 Nd7 11. Nf5 Bxh2+ 12. Kh1 Bd6 13. Nxg7 Kxg7 14. Qg4+ Kh8 15. Bh6 Rg8 16. Qh4 Rg6 17. Rae1 Qd8 18. Bxg6 fxg6 19. Re6 Be7 20. Rfe1 Ne5 21. Rxe7 Qxe7 22. dxe5 g5 23. Qd4 Bf5 24. Re3 c5 25. exf6 Qf7 26. Qe5 Bg6 27. Bxg5 b6 28. a4 Re8 29. Qd6 Rxe3 30. Bxe3 h5 31. a5 c4 32. axb6 axb6 33. Bxb6 Kh7 34. Bd4 Bf5 35. Qf4 Be6 36. Qe4+ Kg8 37. Qa8+ Kh7 38. Qe4+ Kg8 39. Kg1 Bd5 40. Qf5 Be6 41. Qg5+ Kh7 42. Qe5 Kg6 43. Kh2 Bd5 44. f3 Be6 45. Kg3 Bf5 46. Kh4 Qd7 47. Qg3+ Kh7 48. Kxh5 Qf7+ 49. Kh4 Bg6 50. Qe5 Qg8 51. g4 Bf7 52. Qe7 Qg6 53. Qf8 Bd5 54. Kg3 Bf7 55. Qg7+ Qxg7 56. fxg7 1-0

[Event "Cannes"]
[Site "Cannes"]
[Date "1999.??.??"]
[Round "3"]
[White "Dichev, Nedelcho"]
[Black "Lukov, Valentin"]
[Result "0-1"]
[WhiteElo "2203"]
[BlackElo "2439"]
[PlyCount "50"]
[EventDate "1999.02.??"]
[EventType "k.o."]
[EventRounds "7"]
[EventCountry "FRA"]
[SourceTitle "EXT 2000"]
[Source "ChessBase"]
[SourceDate "1999.11.16"]
[SourceVersion "1"]
[SourceVersionDate "1999.11.16"]
[SourceQuality "1"]

1. e4 c5 2. Nf3 Nc6 3. d4 cxd4 4. Nxd4 Qc7 5. Nc3 e6 6. Nb3 Nf6 7. g3 a6 8. Bg2 d6 9. 0-0 Be7 10. a4 b6 11. f4 Bb7 12. g4 h6 13. Be3 Nd7 14. Rf2 g5 15. fxg5 hxg5 16. h3 Nde5 17. Ne2 Nc4 18. Bc1 Rd8 19. Qf1 N6e5 20. Ng3 d5 21. Nh5 dxe4 22. Ng7+ Kd7 23. Rxf7 Nxf7 24. Qxf7 Kc8 25. Bxg5 Bc5+ 0-1

[Event "BUL-chT"]
[Site "Bankia"]
[Date "1992.??.??"]
[Round "6"]
[White "Minchev, Valentin Panoiotov"]
[Black "Dichev, Nedelcho"]
[Result "0-1"]
[WhiteElo "2215"]
[BlackElo "2235"]
[PlyCount "124"]
[EventDate "1992.??.??"]
[EventType "team"]
[EventRounds "11"]
[EventCountry "BUL"]
[SourceTitle "EXT 1998"]
[Source "ChessBase"]
[SourceDate "1997.11.17"]
[SourceVersion "1"]
[SourceVersionDate "1997.11.17"]
[SourceQuality "1"]

1. e4 c6 2. d4 d5 3. Nc3 dxe4 4. Nxe4 Nf6 5. Nxf6+ exf6 6. g3 Bd6 7. Bg2 0-0 8. Ne2 Re8 9. 0-0 Bg4 10. Re1 Na6 11. c3 Qd7 12. Be3 Re7 13. Qd2 Rae8 14. Nf4 h6 15. b4 Nc7 16. a4 Ne6 17. Nd3 Ng5 18. Bxg5 Re2 19. Rxe2 Rxe2 20. Qc1 hxg5 21. Bf1 Re7 22. Qd2 Qe6 23. Re1 Qb3 24. Rxe7 Bxe7 25. a5 b6 26. axb6 axb6 27. Qe3 Be6 28. Ne1 Kf8 29. Bg2 Bd5 30. Qd3 g6 31. Bxd5 Qxd5 32. Nc2 Qb3 33. Kg2 f5 34. h3 Qd5+ 35. Qf3 Qe4 36. Qxe4 fxe4 37. g4 f5 38. f3 exf3+ 39. Kxf3 Kf7 40. Ne3 Kf6 41. Nc4 Bd8 42. Ne5 c5 43. bxc5 bxc5 44. Nd7+ Ke6 45. Nxc5+ Kd5 46. Ke3 Kc4 47. Ne6 Ba5 48. gxf5 gxf5 49. Nxg5 Kxc3 50. Nf3 Bc7 51. h4 Kc4 52. h5 Kd5 53. h6 f4+ 54. Kd3 Bd8 55. Ne5 Bf6 56. h7 Bg7 57. Nf3 Bf6 58. Ne5 Bg7 59. Ng6 f3 60. Nf4+ Kd6 61. d5 Be5 62. Ke4 f2 0-1

[Event "BUL-chT"]
[Site "Bankia"]
[Date "1991.??.??"]
[Round "8"]
[White "Angelov, Kosta"]
[Black "Dichev, Nedelcho"]
[Result "0-1"]
[WhiteElo "2290"]
[BlackElo "2240"]
[PlyCount "160"]
[EventDate "1991.??.??"]
[EventType "team"]
[EventRounds "8"]
[EventCountry "BUL"]
[SourceTitle "EXT 1998"]
[Source "ChessBase"]
[SourceDate "1997.11.17"]
[SourceVersion "1"]
[SourceVersionDate "1997.11.17"]
[SourceQuality "1"]

1. e4 c6 2. d4 d5 3. f3 e6 4. Be3 dxe4 5. Nd2 exf3 6. Ngxf3 Nf6 7. Bd3 Nbd7 8. 0-0 Be7 9. Nc4 c5 10. c3 cxd4 11. cxd4 Nd5 12. Bd2 0-0 13. Nce5 f6 14. Nc4 N7b6 15. a3 Nxc4 16. Bxc4 Kh8 17. Qe2 Bd7 18. Rae1 Bd6 19. Bd3 Qe8 20. Nh4 g5 21. Nf3 Qh5 22. g3 Rae8 23. Bb5 Bxb5 24. Qxb5 g4 25. Nh4 Qf7 26. Re4 h5 27. Re2 a6 28. Qd3 Kg7 29. Rfe1 f5 30. Rf1 Be7 31. Ng2 Bf6 32. Nf4 Nxf4 33. Bxf4 Rd8 34. Be5 Rd5 35. Qe3 Bxe5 36. dxe5 Qe7 37. Rc1 Rfd8 38. Qb3 Qd7 39. Qe3 Rd1+ 40. Re1 Rxe1+ 41. Rxe1 Kg6 42. h4 Qd2 43. Qxd2 Rxd2 44. b4 Rd3 45. Kf2 Rf3+ 46. Kg2 Rxa3 47. Rd1 Re3 48. Rd7 b5 49. Rd6 Re2+ 50. Kf1 Rxe5 51. Rxa6 Kf6 52. Rb6 Re3 53. Kf2 Re5 54. Rb8 Ke7 55. Rh8 Re4 56. Rxh5 Rxb4 57. Rh7+ Kf6 58. Rb7 Rb2+ 59. Kg1 Ke5 60. h5 Ke4 61. h6 Kf3 62. Rd7 Rg2+ 63. Kh1 Rc2 64. Rd3+ Ke4 65. Rb3 Rc7 66. Rxb5 Rh7 67. Kg2 Rxh6 68. Rb4+ Ke5 69. Ra4 Rh7 70. Ra5+ Kf6 71. Ra6 Rb7 72. Ra2 Rb5 73. Rc2 e5 74. Rc8 Rb2+ 75. Kf1 f4 76. Rf8+ Kg5 77. Kg1 Rb3 78. gxf4+ exf4 79. Kg2 Rb2+ 80. Kg1 f3 0-1

[Event "Burgas"]
[Site "Burgas"]
[Date "1991.??.??"]
[Round "3"]
[White "Dichev, Nedelcho"]
[Black "Kontic, Djordjije"]
[Result "0-1"]
[WhiteElo "2235"]
[BlackElo "2335"]
[PlyCount "78"]
[EventDate "1991.??.??"]
[EventType "tourn"]
[EventRounds "11"]
[EventCountry "BUL"]
[EventCategory "3"]
[SourceTitle "EXT 1997"]
[Source "ChessBase"]
[SourceDate "1996.11.15"]
[SourceVersion "1"]
[SourceVersionDate "1996.11.15"]
[SourceQuality "1"]

1. e4 e5 2. Nf3 Nc6 3. c3 Nf6 4. d3 d5 5. Nbd2 a5 6. Be2 Bc5 7. 0-0 a4 8. Re1 Bxf2+ 9. Kh1 Ng4 10. Bf1 Bxe1 11. Qxe1 0-0 12. h3 Nf6 13. g4 Be6 14. Qg3 Re8 15. Be2 Nd7 16. h4 Nc5 17. Ng5 d4 18. Nf1 a3 19. b4 Na4 20. Nxe6 Rxe6 21. g5 Nxc3 22. Bg4 Nxb4 23. Bxe6 fxe6 24. Bd2 Nbxa2 25. Nh2 Qd6 26. Ng4 Kh8 27. h5 Nb4 28. g6 h6 29. Bxh6 Qe7 30. Bd2 Nxd3 31. Qxd3 Qh4+ 32. Nh2 Qxe4+ 33. Qf3 a2 34. Bxc3 Qxf3+ 35. Nxf3 dxc3 36. Nxe5 c5 37. Nd3 c2 38. Kg1 b5 39. Kf2 b4 0-1

[Event "Burgas"]
[Site "Burgas"]
[Date "1991.??.??"]
[Round "8"]
[White "Dichev, Nedelcho"]
[Black "Lalev, Dimitar"]
[Result "0-1"]
[WhiteElo "2235"]
[BlackElo "2425"]
[PlyCount "74"]
[EventDate "1991.??.??"]
[EventType "tourn"]
[EventRounds "11"]
[EventCountry "BUL"]
[EventCategory "3"]
[SourceTitle "EXT 1997"]
[Source "ChessBase"]
[SourceDate "1996.11.15"]
[SourceVersion "1"]
[SourceVersionDate "1996.11.15"]
[SourceQuality "1"]

1. e4 c5 2. Nf3 d6 3. d4 cxd4 4. Nxd4 Nf6 5. Nc3 a6 6. h3 e6 7. a4 Nc6 8. g4 Be7 9. Bg2 0-0 10. 0-0 Qc7 11. g5 Nd7 12. Nde2 Rb8 13. Ng3 Re8 14. f4 b5 15. axb5 axb5 16. Kh2 Bf8 17. h4 b4 18. Nce2 b3 19. c3 Nc5 20. Nd4 Ba6 21. Rxa6 Nxa6 22. Nxb3 Nc5 23. Nxc5 dxc5 24. h5 Na5 25. e5 c4 26. g6 Nb3 27. gxf7+ Qxf7 28. f5 Rbd8 29. Qg4 Nxc1 30. Rxc1 exf5 31. Nxf5 Qc7 32. Re1 Rxe5 33. Qg3 Rxf5 34. Qxc7 Bd6+ 35. Qxd6 Rxd6 36. Kg1 Rxh5 37. Be4 Rg5+ 0-1

[Event "Burgas"]
[Site "Burgas"]
[Date "1991.??.??"]
[Round "9"]
[White "Radulov, Ivan"]
[Black "Dichev, Nedelcho"]
[Result "1-0"]
[WhiteElo "2405"]
[BlackElo "2235"]
[PlyCount "55"]
[EventDate "1991.??.??"]
[EventType "tourn"]
[EventRounds "11"]
[EventCountry "BUL"]
[EventCategory "3"]
[SourceTitle "EXT 1997"]
[Source "ChessBase"]
[SourceDate "1996.11.15"]
[SourceVersion "1"]
[SourceVersionDate "1996.11.15"]
[SourceQuality "1"]

1. Nf3 Nf6 2. g3 g6 3. Bg2 Bg7 4. 0-0 0-0 5. c4 d6 6. d4 Nbd7 7. Nc3 e5 8. h3 a5 9. e4 exd4 10. Nxd4 Nc5 11. Be3 c6 12. Qc2 Re8 13. Rad1 Qb6 14. Nb3 Qb4 15. Nxc5 dxc5 16. Na4 Be6 17. b3 Bf8 18. Bd2 b5 19. Bxb4 axb4 20. cxb5 cxb5 21. e5 Bf5 22. Qc1 Ne4 23. Bxe4 Bxe4 24. Nxc5 Bf3 25. Nd7 Rec8 26. Qe3 Bxd1 27. Rxd1 Rc3 28. Qe4 1-0

[Event "Burgas"]
[Site "Burgas"]
[Date "1991.??.??"]
[Round "7"]
[White "Zhekov, Zhivko"]
[Black "Dichev, Nedelcho"]
[Result "1/2-1/2"]
[WhiteElo "2285"]
[BlackElo "2235"]
[PlyCount "36"]
[EventDate "1991.??.??"]
[EventType "tourn"]
[EventRounds "11"]
[EventCountry "BUL"]
[EventCategory "3"]
[SourceTitle "EXT 1997"]
[Source "ChessBase"]
[SourceDate "1996.11.15"]
[SourceVersion "1"]
[SourceVersionDate "1996.11.15"]
[SourceQuality "1"]

1. d4 Nf6 2. c4 d6 3. Nc3 e5 4. dxe5 dxe5 5. Qxd8+ Kxd8 6. Bg5 c6 7. Nf3 Nbd7 8. 0-0-0 Kc7 9. h3 Bb4 10. g4 a5 11. Bg2 Re8 12. Na4 Ne4 13. Be3 Ndc5 14. Nxc5 Bxc5 15. Bxc5 Nxc5 16. Ng5 f6 17. Ne4 Nxe4 18. Bxe4 Be6 1/2-1/2

[Event "Burgas"]
[Site "Burgas"]
[Date "1988.??.??"]
[Round "?"]
[White "Dichev, Nedelcho"]
[Black "Grigorov, Jordan N"]
[Result "1/2-1/2"]
[WhiteElo "2260"]
[BlackElo "2385"]
[PlyCount "92"]
[EventDate "1988.??.??"]
[EventType "tourn"]
[EventRounds "11"]
[EventCountry "BUL"]
[SourceTitle "EXT 2000"]
[Source "ChessBase"]
[SourceDate "1999.11.16"]
[SourceVersion "1"]
[SourceVersionDate "1999.11.16"]
[SourceQuality "1"]

1. e4 c5 2. Nf3 Nc6 3. d4 cxd4 4. Nxd4 Nf6 5. Nc3 d6 6. Bc4 e6 7. Bb3 a6 8. f4 Qc7 9. f5 e5 10. Nde2 b5 11. Bg5 b4 12. Nd5 Nxd5 13. Qxd5 Bb7 14. Rc1 f6 15. Qe6+ Qe7 16. Be3 Qxe6 17. Bxe6 Ne7 18. Ng3 d5 19. c3 dxe4 20. Rd1 g6 21. 0-0 bxc3 22. fxg6 Nxg6 23. Rxf6 Rd8 24. Rxd8+ Kxd8 25. bxc3 Be7 26. Rf1 Nf4 27. Rd1+ Ke8 28. Bc4 Rf8 29. Rb1 Bd5 30. Rb8+ Kf7 31. Rxf8+ Bxf8 32. Bxa6 Bxa2 33. Nxe4 Nd5 34. Bg5 Ke6 35. Bc8+ Kf7 36. Bf5 h6 37. Bd2 Nb6 38. g4 Bd5 39. Kf2 Nc4 40. Bc1 Kg7 41. Kg3 Be7 42. h4 Bd8 43. h5 Bb6 44. g5 Be3 45. gxh6+ Kxh6 46. Bxe3+ Nxe3 1/2-1/2

[Event "Plovdiv op"]
[Site "Plovdiv"]
[Date "1988.??.??"]
[Round "?"]
[White "Dichev, Nedelcho"]
[Black "Tseitlin, Mark D"]
[Result "1/2-1/2"]
[WhiteElo "2260"]
[BlackElo "2430"]
[PlyCount "85"]
[EventDate "1988.??.??"]
[EventType "swiss"]
[EventRounds "9"]
[EventCountry "BUL"]
[SourceTitle "EXT 2002"]
[Source "ChessBase"]
[SourceDate "2001.11.25"]
[SourceVersion "1"]
[SourceVersionDate "2001.11.25"]
[SourceQuality "1"]

1. e4 c5 2. Nf3 e6 3. d4 cxd4 4. Nxd4 a6 5. Bd3 Qc7 6. 0-0 Nf6 7. Qe2 Bc5 8. c3 d6 9. Be3 0-0 10. Kh1 e5 11. Nc2 Bg4 12. f3 Be6 13. c4 Bxe3 14. Nxe3 Nc6 15. Nc2 Rfc8 16. b3 Ne7 17. Rd1 Ng6 18. g3 h5 19. a4 h4 20. Nc3 Nh5 21. Qf2 hxg3 22. hxg3 Qd8 23. Ne3 Qg5 24. Nf1 Kh7 25. Ra2 Rh8 26. Qe1 Bh3 27. Rh2 Bxf1 28. Bxf1 Kg8 29. Ne2 Qe3 30. Kg2 Qxb3 31. Rxd6 Qxa4 32. Qd2 Nf6 33. Rxh8+ Kxh8 34. Qb2 b5 35. Nc3 Qa5 36. cxb5 axb5 37. Nxb5 Rb8 38. Bc4 Nh5 39. Rd1 Qa4 40. Rc1 Rb6 41. Qa3 Qxa3 42. Nxa3 Rb2+ 43. Rc2 1/2-1/2

[Event "Plovdiv op"]
[Site "Plovdiv"]
[Date "1988.??.??"]
[Round "11"]
[White "Dimitrov, Vladimir"]
[Black "Dichev, Nedelcho"]
[Result "1-0"]
[WhiteElo "2360"]
[BlackElo "2260"]
[PlyCount "67"]
[EventDate "1988.??.??"]
[EventType "swiss"]
[EventRounds "9"]
[EventCountry "BUL"]
[SourceTitle "EXT 2002"]
[Source "ChessBase"]
[SourceDate "2001.11.25"]
[SourceVersion "1"]
[SourceVersionDate "2001.11.25"]
[SourceQuality "1"]

1. e4 c5 2. Nf3 d6 3. d4 cxd4 4. Nxd4 Nf6 5. Nc3 a6 6. Bg5 e6 7. f4 Nbd7 8. Qf3 Qc7 9. 0-0-0 b5 10. Bxb5 axb5 11. Ndxb5 Qb8 12. e5 Bb7 13. Qe2 dxe5 14. Qc4 Bc5 15. Bxf6 gxf6 16. Rxd7 Be3+ 17. Kb1 Kxd7 18. Rd1+ Bd4 19. fxe5 fxe5 20. Nxd4 exd4 21. Qxd4+ Ke7 22. Qc5+ Kf6 23. Rf1+ Kg6 24. Qe7 f5 25. Qxe6+ Kg7 26. Qe7+ Kg6 27. g4 Rf8 28. gxf5+ Kh5 29. Rg1 Qf4 30. Ne2 Qh6 31. Qxb7 Ra4 32. Qf3+ Kh4 33. Qf2+ Kh3 34. Ng3 1-0

[Event "Burgas"]
[Site "Burgas"]
[Date "1988.??.??"]
[Round "?"]
[White "Zlatilov, Ivailo"]
[Black "Dichev, Nedelcho"]
[Result "1/2-1/2"]
[WhiteElo "2385"]
[BlackElo "2260"]
[PlyCount "83"]
[EventDate "1988.??.??"]
[EventType "tourn"]
[EventRounds "11"]
[EventCountry "BUL"]
[SourceTitle "EXT 2000"]
[Source "ChessBase"]
[SourceDate "1999.11.16"]
[SourceVersion "1"]
[SourceVersionDate "1999.11.16"]
[SourceQuality "1"]

1. e4 c5 2. Nf3 d6 3. d4 cxd4 4. Nxd4 Nf6 5. Nc3 a6 6. Be2 e6 7. f4 Qc7 8. g4 Nc6 9. g5 Nd7 10. Be3 b5 11. Qd2 Bb7 12. a3 Be7 13. f5 Nxd4 14. Qxd4 e5 15. Qd2 Nb6 16. 0-0-0 Nc4 17. Bxc4 Qxc4 18. b3 Qc7 19. Kb2 Rc8 20. h4 f6 21. Rhg1 Qa5 22. Nd5 Qxd2 23. Rxd2 Bxd5 24. Rxd5 Rc6 25. gxf6 Bxf6 26. h5 Kf7 27. Rgd1 Rd8 28. R1d3 g6 29. hxg6+ hxg6 30. fxg6+ Kxg6 31. Bd2 Be7 32. Rg3+ Kf6 33. Rdd3 Rdc8 34. c3 Rh8 35. Rdf3+ Ke6 36. Rg6+ Kd7 37. Rg7 Rc7 38. Kc2 Ke6 39. Bg5 Rh2+ 40. Kd3 Bxg5 41. Rxg5 Kd7 42. Rg7+ 1/2-1/2